| 000 | 01247nam a2200229 i 4500 | ||
|---|---|---|---|
| 001 | 174979 | ||
| 003 | ES-MaACL | ||
| 005 | 20250719062546.0 | ||
| 008 | 100906s1877 fr |||| | fre d | ||
| 100 | 1 |
_aBujon, Pierre. _9126230 |
|
| 245 | 1 | 0 |
_aPremière session du Conseil Supérieur des Prisons en 1877 _b: [Conseil Supèrieur des Prisons ouverture, durée et cloture des travaux de sa premíere session de 1877 / _ccompte rendu par M. Bujon]. |
| 260 |
_aParis : _bA. Cotillon, _c1877. |
||
| 300 |
_a14 p. ; _c20 cm. |
||
| 500 | _aEn port.: Extrait de la Revue critique de législation et de jurisprudence, mars 1877. | ||
| 650 |
_aDerecho penitenciario- _zFrancia. _9141896 |
||
| 710 | 1 |
_aFrancia. _bMinistère de l'Intérieur. _9134396 |
|
| 852 |
_aES-MaACL _jD-273(2) _9181714 _bR.FOLL.12/2 _cSVI _hDonación: Francisco Lastres y Juiz _xEncuadernado con otras obras formando un volumen facticio _xEncuadernacion holandesa _dOlim: 193-C-3 _fSello en tinta en verso de la hoja de guarda anterior del volumen: "Donativo del Sr. Lastres al Ateneo de Madrid, 1907". |
||
| 903 |
_aLastres y Juiz, Francisco, _d1848-1918 _q1 _ednr _970504 |
||
| 942 |
_2udc _cFOLLETOS |
||
| 999 |
_c174979 _d174979 |
||